000 03010cam a22007334i 4500
003 PE-LiUPU
005 20250731170411.0
008 030331s2003 gaub rb 001 0 eng
020 _a158983027X
_q(alk. paper)
020 _a9781589830271
_q(alk. paper)
035 _a(Sirsi) i9781589830271
040 _aDLC
_bspa
_cDLC
_dBAKER
_dMUQ
_dNLGGC
_dYDXCP
_dBTCTA
_dIG#
_dMBB
_dHEBIS
_dDEBBG
_dZID
_dOCLCF
_dOCLCO
_dOCL
_dOCLCQ
_dPE-LiUPU
_erda
082 0 4 _a133.309394
_bN63
_221
100 1 _aNissinen, Martti,
_eautor.
245 1 0 _aProphets and prophecy in the ancient Near East /
_cby Martti Nissinen with contributions by C.L. Seow and Robert K. Ritner ; edited by Peter Machinist.
300 _axxi, 273 páginas :
_bilustraciones ;
_c23 centímetros.
336 _atext
_2rdacontent
337 _aunmediated
_2rdamedia
338 _avolume
_2rdacarrier
490 0 _aWritings from the ancient world ;
_vnumber 12
504 _aBibliografía : páginas 223-260.
504 _aÍndices: páginas 269-273.
505 0 _aIntroduction -- Translations -- Other documents from Mari -- Esnunna Oracles -- Ninevah Oracles -- Other neo-assyrian documents -- Miscellaneous cuneiform sources -- West Semitic sources -- Report of Wenamon.
526 _aSEG68
526 _aSEG70
526 _aSEG69
526 _aSEG67
526 _aSEG43
526 _aP144
526 _aP143
526 _aP131
526 _aP122
526 _aP120
526 _aP117
526 _aP112
526 _aP110
526 _aP106
526 _aP101
526 _aP80
526 _aP59
526 _aP54
526 _aP35
526 _aP33
526 _aP30
650 0 _aProfesía
_xHistoria.
650 0 _aProfetas
_zOriente Medio
_xHistoria.
651 0 _aOriente Medio
_xLiteraturas.
700 1 _aMachinist, Peter.
700 1 _aRitner, Robert Kriech,
_d1953-
700 1 _aSeow, C. L.
_q(Choon Leong)
856 4 1 _3Tabla de contenido
_uhttp://catdir.loc.gov/catdir/toc/ecip042/2003007002.html
910 _ajck
_bebj
_cebj
_d20160613
910 _adbm
_bncf
_cncf
_d20180105
942 _2ddc
_cBOOK
949 _a133.309394 N63
_wDEWEY
_c1
_i73628
_lCCODEBUL1
_mBUL
_p22.00
_r0
_sY
_tBOOK
_u2016-6-13
_xTEOLOGIA
_PP35
_0COMPRA
_o.STAFF. Colección General Teología
994 _aC0
_bPEPRU
856 4 1 _3Tabla de contenido
_uhttp://catdir.loc.gov/catdir/toc/ecip042/2003007002.html
596 _a1
999 _a133.309394 N63
_wDEWEY
_c9890
_i73628
_f2021-11-9
_g5
_lCCODEBUL1
_mBUL
_p22.00
_r0
_sY
_tBOOK
_u2016-6-13
_xTEOLOGIA
_PP35
_0COMPRA
_o.STAFF. Colección General Teología
_d9890
999 _a133.309394 N63
_wDEWEY
_c2
_i77813
_f2021-11-9
_g4
_lCCODEBUL1
_mBUL
_p22.00
_r0
_sY
_tBOOK
_u2018-1-5
_xTEOLOGIA
_PP85
_0COMPRA
_o.STAFF. Colección Teología
264 _aAtlanta, GA :
_bSociety of Biblical Literature,
_c©2003.
980 _81
_gALBERTO SANCHEZ Responsable de Automatización